000
00298nam a22001337a 4500
003
OSt
008
241003b |||||||| |||| 00| 0 eng d
082
_a
547
_b
C47R
100
_a
Coffey,S.
245
_a
Chemistry of Carbon Compounds
260
_a
Elsevier
_c
1965
300
_a
418
942
_2
ddc
_c
PER
999
_c
46113
_d
46113